Characteristics of adults with substance use disorders expected to be eligible for Medicaid under the ACA

Guardado en:  
Detalles Bibliográficos
Autores principales: Busch, Susan H. (Autor) ; Barry, Colleen L. (Autor) ; Huskamp, Haiden A. (Autor) ; Meara, Ellen (Autor)
Tipo de documento: Electrónico Artículo
Lenguaje:Inglés
Publicado: 2013
En: Psychiatric services
Año: 2013, Volumen: 64, Número: 6, Páginas: 520-526
Acceso en línea: Volltext (kostenfrei)
Verificar disponibilidad: HBZ Gateway

MARC

LEADER 00000caa a22000002c 4500
001 1912476118
003 DE-627
005 20250121055006.0
007 cr uuu---uuuuu
008 241217s2013 xx |||||o 00| ||eng c
024 7 |a 10.1176/appi.ps.201200011  |2 doi 
035 |a (DE-627)1912476118 
035 |a (DE-599)KXP1912476118 
040 |a DE-627  |b ger  |c DE-627  |e rda 
041 |a eng 
084 |a 2,1  |2 ssgn 
100 1 |a Busch, Susan H.  |e VerfasserIn  |0 (DE-588)129706442  |0 (DE-627)478091052  |0 (DE-576)297795732  |4 aut 
109 |a Busch, Susan H.  |a Busch, Susan 
245 1 0 |a Characteristics of adults with substance use disorders expected to be eligible for Medicaid under the ACA 
264 1 |c 2013 
336 |a Text  |b txt  |2 rdacontent 
337 |a Computermedien  |b c  |2 rdamedia 
338 |a Online-Ressource  |b cr  |2 rdacarrier 
700 1 |a Barry, Colleen L.  |e VerfasserIn  |4 aut 
700 1 |a Huskamp, Haiden A.  |e VerfasserIn  |0 (DE-588)171901215  |0 (DE-627)366423851  |0 (DE-576)132655934  |4 aut 
700 1 |a Meara, Ellen  |e VerfasserIn  |0 (DE-588)13048928X  |0 (DE-627)502589604  |0 (DE-576)298226863  |4 aut 
773 0 8 |i Enthalten in  |t Psychiatric services  |d Washington, DC : American Psychiatric Assoc., 1950  |g 64(2013), 6, Seite 520-526  |h Online-Ressource  |w (DE-627)320617076  |w (DE-600)2022142-3  |w (DE-576)11578084X  |x 1557-9700  |7 nnas 
773 1 8 |g volume:64  |g year:2013  |g number:6  |g pages:520-526 
787 0 8 |i Forschungsdaten  |a United States Department of Health and Human Services. Substance Abuse and Mental Health Services Administration. Office of Applied Studies  |t National Survey on Drug Use and Health, 2008  |d [Erscheinungsort nicht ermittelbar] : [Verlag nicht ermittelbar], 2009  |w (DE-627)1840045248 
787 0 8 |i Forschungsdaten  |a United States Department of Health and Human Services. Substance Abuse and Mental Health Services Administration. Office of Applied Studies  |t National Survey on Drug Use and Health, 2009  |d [Erscheinungsort nicht ermittelbar] : [Verlag nicht ermittelbar], 2010  |w (DE-627)184004523X 
856 4 0 |u https://doi.org/10.1176/appi.ps.201200011  |x Resolving-System  |z kostenfrei  |3 Volltext  |7 0 
935 |a mkri 
951 |a AR 
ELC |a 1 
LOK |0 000 xxxxxcx a22 zn 4500 
LOK |0 001 4637441617 
LOK |0 003 DE-627 
LOK |0 004 1912476118 
LOK |0 005 20241217044217 
LOK |0 008 241217||||||||||||||||ger||||||| 
LOK |0 035   |a (DE-2619)ICPSR111662 
LOK |0 040   |a DE-2619  |c DE-627  |d DE-2619 
LOK |0 092   |o n 
LOK |0 852   |a DE-2619 
LOK |0 852 1  |9 00 
LOK |0 935   |a nacp 
LOK |0 939   |a 17-12-24  |b l01 
OAS |a 1 
ORI |a SA-MARC-krimdoka001.raw